MAASAI MARA UNIVERSITY

LIBRARY CATALOGUE

Contact Us: +254 020 2685356/7 or 0774 057787

Box: 861-20500, NAROK, KENYA

Email: info@mmarau.ac.ke

U.N.D.P (Record no. 1916)

MARC details
000 -LEADER
fixed length control field 00448nam a2200133Ia 4500
008 - FIXED-LENGTH DATA ELEMENTS--GENERAL INFORMATION
fixed length control field 151015s9999 xx 000 0 und d
020 ## - INTERNATIONAL STANDARD BOOK NUMBER
International Standard Book Number 9.7801953051e+012
245 ## - TITLE STATEMENT
Title U.N.D.P
250 ## - EDITION STATEMENT
Edition statement _Human development report 2005 international cooperation at a crossroads;aid,trade and security in an equal world UNDP
300 ## - PHYSICAL DESCRIPTION
Extent New York UNDP 2005
500 ## - GENERAL NOTE
General note Includes index.
650 ## - SUBJECT ADDED ENTRY--TOPICAL TERM
Topical term or geographic name as entry element _Human development
700 ## - ADDED ENTRY--PERSONAL NAME
Personal name ^d20110510 12:21:59^oanne

No items available.

© 2016 Maasai Mara University.